Encyclopedia of distance learning

Αποθηκεύτηκε σε:
Λεπτομέρειες βιβλιογραφικής εγγραφής
Άλλοι συγγραφείς: Howard, Caroline
Μορφή: Βιβλίο
Γλώσσα:English
Δημοσίευση: Hershey, PA : Idea Group Reference, c2005
Θέματα:
Ετικέτες: Προσθήκη ετικέτας
Δεν υπάρχουν, Καταχωρήστε ετικέτα πρώτοι!

MARC

LEADER 00000nam a2200000 i 4500
001 1/82096
008 080414s2005 eng d
020 |a 1-59140-555-6 (hdb) 
020 |a 1-59140-554-8 (ebook) 
035 |l 10096590 
040 |a GR-MY-UA  |b gre  |e aacr 
041 0 |a eng 
082 0 |a 371.3503  |2 (22) 
245 1 0 |a Encyclopedia of distance learning /  |c Caroline Howard ... [κ.ά.] 
260 |a Hershey, PA :   |b Idea Group Reference,   |c c2005 
300 |a 4 τ.;  |b εικ.;  |c 29 εκ. 
504 |a Περιλαμβάνει βιβλιογραφίες και ευρετήρια 
650 0 0 |a Distance education  |x Encyclopedias. 
700 1 |a Howard, Caroline. 
852 |a INST  |b SYROS  |e 20080414  |h 371.3503 ENC  |p 005500006150  |q 005500006150  |t REF  |y 23  |z τ.3 
852 |a INST  |b SYROS  |e 20080414  |h 371.3503 ENC  |p 005500006151  |q 005500006151  |t REF  |y 23  |z τ.2 
852 |a INST  |b SYROS  |e 20080414  |h 371.3503 ENC  |p 005500006152  |q 005500006152  |t REF  |y 23  |z τ.1 
852 |a INST  |b SYROS  |e 20080414  |h 371.3503 ENC  |p 005500006153  |q 005500006153  |t REF  |y 23  |z τ.4 
852 |a INST  |b SYROS  |e 20080414  |h 371.3503 ENC  |p 005500006150  |q 005500006150  |t REF  |v τ.3:  |y 23  |z τ.3 
852 |a INST  |b SYROS  |e 20080414  |h 371.3503 ENC  |p 005500006151  |q 005500006151  |t REF  |v τ.2:  |y 23  |z τ.2 
852 |a INST  |b SYROS  |e 20080414  |h 371.3503 ENC  |p 005500006152  |q 005500006152  |t REF  |v τ.1:  |y 23  |z τ.1 
852 |a INST  |b SYROS  |e 20080414  |h 371.3503 ENC  |p 005500006153  |q 005500006153  |t REF  |v τ.4:  |y 23  |z τ.4 
853 |a INST  |b SYROS  |h 371.3503 ENC 
901 |a BIBL5-2008-1 
909 |a Ε  |b 151602 
909 |a Ε  |b 151603 
909 |a Ε  |b 151604 
909 |a Ε  |b 151605 
922 |a 5ΕΛΗ  |b 200803  |c ΕΠΕΑΕΚ2/ΤΜΣΠΣ  |d ΠΑΠΑΣΩΤΗΡΙΟΥ 
970 |a ΚΟΝΤΟΥ  |b ΠΑΡΑΣΚΕΥΗ  |z 2008/04/14